Helping mainstreamed students develop successful test-taking skills (Record no. 69764)
[ view plain ]
| 000 -CABECERA | |
|---|---|
| campo de control de longitud fija | 00682nam a2200241 a 4500 |
| 005 - FECHA Y HORA DE LA ÚLTIMA TRANSACCIÓN | |
| campo de control | 20210219153146.0 |
| 008 - ELEMENTOS DE LONGITUD FIJA--INFORMACIÓN GENERAL | |
| campo de control de longitud fija | 991125n 000 0 eng u |
| 035 ## - NÚMERO DE CONTROL DEL SISTEMA | |
| Número de control de sistema | UPN01000081105 |
| 100 ## - ASIENTO PRINCIPAL--NOMBRE PERSONAL | |
| Nombre de persona | Enright, Brian E. |
| 222 ## - TÍTULO CLAVE | |
| Título clave | DIAGNOSTIQUE |
| 245 ## - MENCIÓN DE TÍTULO | |
| Título | Helping mainstreamed students develop successful test-taking skills |
| 300 ## - DESCRIPCIÓN FÍSICA | |
| Extensión | 128-136 |
| 362 ## - FECHAS DE PUBLICACIÓN Y/O DESIGNACIÓN SECUENCIAL | |
| Fecha de publicación y/o designación secuencial | 1992 17, no. 2 |
| 653 0# - TERMINO DE INDIZACION - NO CONTROLADO | |
| Término no controlado | DEFICIENCIAS ESCOLARES |
| 653 0# - TERMINO DE INDIZACION - NO CONTROLADO | |
| Término no controlado | EFICACIA DE LA ENSE\197ANZA |
| 653 0# - TERMINO DE INDIZACION - NO CONTROLADO | |
| Término no controlado | ESTUDIANTES DE ALTO RIESGO |
| 653 0# - TERMINO DE INDIZACION - NO CONTROLADO | |
| Término no controlado | PRUEBAS DE JUICIO |
| 653 0# - TERMINO DE INDIZACION - NO CONTROLADO | |
| Término no controlado | REALIZACION MATEMATICA |
| 700 ## - ASIENTO SECUNDARIO--NOMBRE DE PERSONAL | |
| Nombre de persona | Beattie, John |
| 700 ## - ASIENTO SECUNDARIO--NOMBRE DE PERSONAL | |
| Nombre de persona | Algozzine, Bob |
| 904 ## - ELEMENTOS DE DATOS D LOCAL, LDD (RLIN) | |
| a | AC |
| b | 018916 |
| 905 ## - TIPO DE MATERIAL | |
| Tipo de material | Articulo |
No items available.
